[Event "SB-2022-0-00635"]
[Site "LSS email"]
[Date "2022.05.26"]
[Round "?"]
[White "Suarez, Ron"]
[Black "Wernitz, Helmut"]
[Result "1/2-1/2"]
[WhiteElo "1752"]
[BlackElo "1908"]
[PlyCount "48"]
[EventDate "2022.02.19"]
[EventType "tourn (corr)"]
[EventRounds "6"]
[EventCountry "GER"]
[SourceTitle "Corr 2024"]
[Source "ChessBase"]
[SourceDate "2023.10.19"]
[SourceVersion "1"]
[SourceVersionDate "2023.10.19"]
[SourceQuality "1"]

1. c4 Nf6 2. Nc3 e6 3. e4 Nc6 4. g3 d5 5. exd5 exd5 6. cxd5 Nxd5 7. Bg2 Be6 8. Nge2 Ncb4 9. d4 c5 10. Nxd5 Bxd5 11. Bxd5 Qxd5 12. 0-0 Be7 13. a3 Nc6 14. dxc5 Qxd1 15. Rxd1 Bxc5 16. Re1 0-0 17. b4 Bb6 18. Bb2 Rfd8 19. Rad1 f6 20. Nf4 Kf7 21. Nd5 Bd4 22. Bxd4 Rxd5 23. Bc5 Rad8 24. Rxd5 Rxd5 1/2-1/2

[Event "OP-2022-0-05289"]
[Site "LSS email"]
[Date "2022.05.22"]
[Round "?"]
[White "Suarez, Ron"]
[Black "Cerne, Peter"]
[Result "0-1"]
[WhiteElo "1752"]
[BlackElo "1550"]
[PlyCount "60"]
[EventDate "2022.05.13"]
[EventType "tourn (corr)"]
[EventRounds "4"]
[EventCountry "GER"]
[SourceTitle "Corr 2024"]
[Source "ChessBase"]
[SourceDate "2023.10.19"]
[SourceVersion "1"]
[SourceVersionDate "2023.10.19"]
[SourceQuality "1"]

1. c4 c6 2. Nc3 Nf6 3. e4 d5 4. cxd5 cxd5 5. exd5 Nxd5 6. g3 Nb4 7. Qa4+ N8c6 8. Bb5 a6 9. Bxc6+ Nxc6 10. Nge2 Qd3 11. Qe4 Qxe4 12. Nxe4 Bg4 13. N2c3 Nd4 14. 0-0 f5 15. Nc5 Bh3 16. Rd1 h5 17. Ne6 Nxe6 18. d4 Bg4 19. Rd3 Rd8 20. Be3 g5 21. d5 f4 22. Bb6 Rd6 23. Ba7 Bf5 24. Rdd1 Nd8 25. Bc5 Rd7 26. Re1 Nf7 27. Bd4 Rh6 28. Na4 Rxd5 29. Bc3 b5 30. Nb6 Rxb6 0-1

[Event "OP-2022-0-05289"]
[Site "LSS email"]
[Date "2022.05.22"]
[Round "?"]
[White "Swiatek, Janusz"]
[Black "Suarez, Ron"]
[Result "1-0"]
[WhiteElo "1963"]
[BlackElo "1752"]
[PlyCount "25"]
[EventDate "2022.05.13"]
[EventType "tourn (corr)"]
[EventRounds "4"]
[EventCountry "GER"]
[SourceTitle "Corr 2024"]
[Source "ChessBase"]
[SourceDate "2023.10.19"]
[SourceVersion "1"]
[SourceVersionDate "2023.10.19"]
[SourceQuality "1"]

1. d4 e6 2. e4 d5 3. Nc3 dxe4 4. Nxe4 Be7 5. Nf3 Nf6 6. Bd3 Nxe4 7. Bxe4 Nd7 8. c3 c5 9. 0-0 0-0 10. Bc2 Nf6 11. Qd3 b6 12. Bg5 Nd5 13. Qxh7# 1-0

[Event "SB-2021-0-00613"]
[Site "LSS email"]
[Date "2021.04.02"]
[Round "?"]
[White "Suarez, Ron"]
[Black "Vitello, Gabry"]
[Result "0-1"]
[WhiteElo "1799"]
[BlackElo "1770"]
[PlyCount "26"]
[EventDate "2021.02.22"]
[EventType "tourn (corr)"]
[EventRounds "6"]
[EventCountry "GER"]
[SourceTitle "Corr 2024"]
[Source "ChessBase"]
[SourceDate "2023.10.19"]
[SourceVersion "1"]
[SourceVersionDate "2023.10.19"]
[SourceQuality "1"]

1. e4 e6 2. d4 d5 3. e5 c5 4. c3 Nc6 5. Nf3 Bd7 6. Be2 cxd4 7. cxd4 Nge7 8. 0-0 Nf5 9. Nc3 a6 10. Kh1 Rc8 11. g4 Nh4 12. Nxh4 Qxh4 13. Bf4 h5 0-1

[Event "SB-2021-0-00613"]
[Site "LSS email"]
[Date "2021.03.27"]
[Round "?"]
[White "Kraujunas, Vladas"]
[Black "Suarez, Ron"]
[Result "1-0"]
[WhiteElo "1869"]
[BlackElo "1799"]
[PlyCount "37"]
[EventDate "2021.02.22"]
[EventType "tourn (corr)"]
[EventRounds "6"]
[EventCountry "GER"]
[SourceTitle "Corr 2024"]
[Source "ChessBase"]
[SourceDate "2023.10.19"]
[SourceVersion "1"]
[SourceVersionDate "2023.10.19"]
[SourceQuality "1"]

1. e4 e6 2. d4 d5 3. exd5 exd5 4. Bd3 Bd6 5. Nf3 Ne7 6. 0-0 0-0 7. Bg5 f6 8. Bh4 c6 9. Nbd2 Bf5 10. Be2 Nd7 11. Re1 Qb6 12. Qc1 c5 13. c3 Rae8 14. Bg3 Bxg3 15. hxg3 Nc6 16. Nb3 cxd4 17. Nfxd4 Bg6 18. a4 Nc5 19. Nxc5 1-0

[Event "SB-2020-0-00602"]
[Site "LSS email"]
[Date "2020.10.29"]
[Round "?"]
[White "Suarez, Ron"]
[Black "Herzog, Agnes"]
[Result "1-0"]
[WhiteElo "1812"]
[BlackElo "1770"]
[PlyCount "39"]
[EventDate "2020.07.14"]
[EventType "tourn (corr)"]
[EventRounds "6"]
[EventCountry "GER"]
[SourceTitle "Corr 2024"]
[Source "ChessBase"]
[SourceDate "2023.10.19"]
[SourceVersion "1"]
[SourceVersionDate "2023.10.19"]
[SourceQuality "1"]

1. e4 e5 2. Bc4 c6 3. Nf3 d5 4. Bb3 Nf6 5. Nc3 Bb4 6. Nxe5 Qe7 7. d4 Nxe4 8. 0-0 Nxc3 9. bxc3 Bxc3 10. Rb1 0-0 11. Qd3 Qb4 12. Rd1 Nd7 13. Bf4 Qa5 14. Ng4 h5 15. Nh6+ gxh6 16. Bxh6 Nc5 17. Qg3+ Bg4 18. h3 Rfe8 19. dxc5 Be5 20. f4 1-0

[Event "RB-2019-0-00379"]
[Site "LSS email"]
[Date "2019.10.29"]
[Round "?"]
[White "Suarez, Ron"]
[Black "Krakovsky, Peter"]
[Result "1/2-1/2"]
[WhiteElo "1824"]
[BlackElo "1909"]
[PlyCount "62"]
[EventDate "2019.08.18"]
[EventType "tourn (corr)"]
[EventRounds "6"]
[EventCountry "GER"]
[SourceTitle "Corr 2022"]
[Source "ChessBase"]
[SourceDate "2021.10.24"]
[SourceVersion "1"]
[SourceVersionDate "2021.10.24"]
[SourceQuality "1"]

1. e4 e5 2. Bc4 Nf6 3. d3 c6 4. Bb3 Be7 5. Nf3 d6 6. h3 0-0 7. 0-0 Nbd7 8. c4 Nc5 9. Nc3 Qc7 10. Bc2 Ne6 11. Be3 c5 12. Ba4 Nd4 13. a3 a6 14. b4 b5 15. Bb3 Bd7 16. bxc5 dxc5 17. a4 b4 18. Nd5 Nxd5 19. cxd5 Nxf3+ 20. Qxf3 Kh8 21. Qe2 f5 22. f3 f4 23. Bf2 Rac8 24. Rfc1 Qd6 25. Rc4 Rc7 26. Rac1 Rfc8 27. Qf1 g5 28. Qe2 Kg7 29. Qb2 h5 30. Bd1 a5 31. Kf1 Kg6 1/2-1/2

[Event "SC-2019-0-00380"]
[Site "LSS email"]
[Date "2019.10.27"]
[Round "?"]
[White "Suarez, Ron"]
[Black "Madrid Sole, Antonio"]
[Result "1/2-1/2"]
[WhiteElo "1824"]
[BlackElo "1815"]
[PlyCount "115"]
[EventDate "2019.07.30"]
[EventType "tourn (corr)"]
[EventRounds "6"]
[EventCountry "GER"]
[SourceTitle "Corr 2022"]
[Source "ChessBase"]
[SourceDate "2021.10.24"]
[SourceVersion "1"]
[SourceVersionDate "2021.10.24"]
[SourceQuality "1"]

1. e4 e6 2. d4 d5 3. exd5 exd5 4. Nf3 Bd6 5. h3 Nf6 6. c4 c6 7. Nc3 0-0 8. Be2 dxc4 9. Bxc4 Re8+ 10. Be3 Nbd7 11. Bd3 Bf4 12. Qd2 Qe7 13. Nd1 Nd5 14. 0-0 Nxe3 15. Nxe3 Bxe3 16. fxe3 Qxe3+ 17. Qxe3 Rxe3 18. Rae1 Rxe1 19. Rxe1 Kf8 20. Ng5 Nf6 21. Bc4 b5 22. Bb3 a5 23. a3 a4 24. Ba2 Ra7 25. Rc1 Rc7 26. g4 Bb7 27. d5 h6 28. d6 Rd7 29. Nxf7 Rxf7 30. Bxf7 Kxf7 31. Re1 Bc8 32. Re7+ Kf8 33. Kg2 Bd7 34. Kf3 c5 35. Ke2 Bc6 36. Rc7 Bd7 37. Rxc5 Ne8 38. Rd5 Kf7 39. Kd3 Ke6 40. Kd4 Nf6 41. Re5+ Kxd6 42. g5 hxg5 43. Rxg5 Ne8 44. h4 Nc7 45. Kc3 Ne6 46. Rg1 Kc5 47. Rg6 Kd6 48. Rg1 Kc5 49. Rg6 Kd5 50. Kb4 Be8 51. Rg1 Ke5 52. Ka5 Kd6 53. Re1 g6 54. Rd1+ Kc5 55. Rc1+ Kd6 56. Rd1+ Kc5 57. Rc1+ Kd6 58. Rd1+ 1/2-1/2

[Event "RB-2019-0-00379"]
[Site "LSS email"]
[Date "2019.10.27"]
[Round "?"]
[White "Zholob, Anatolij"]
[Black "Suarez, Ron"]
[Result "1/2-1/2"]
[WhiteElo "2095"]
[BlackElo "1824"]
[PlyCount "202"]
[EventDate "2019.08.18"]
[EventType "tourn (corr)"]
[EventRounds "6"]
[EventCountry "GER"]
[SourceTitle "Corr 2022"]
[Source "ChessBase"]
[SourceDate "2021.10.24"]
[SourceVersion "1"]
[SourceVersionDate "2021.10.24"]
[SourceQuality "1"]

1. e4 g6 2. d4 d6 3. Nf3 Bg4 4. Bc4 e6 5. 0-0 Bg7 6. c3 Nf6 7. h3 Bxf3 8. Qxf3 Nbd7 9. Re1 0-0 10. Bg5 h6 11. Bh4 e5 12. Nd2 Qe8 13. g4 a6 14. a4 Qe7 15. a5 Rfe8 16. d5 Rac8 17. Nf1 Nf8 18. Bb3 N8h7 19. Kg2 Ng5 20. Bxg5 hxg5 21. Qd3 Nd7 22. Bc2 Nc5 23. Qe3 Nd7 24. b4 Red8 25. Qa7 Rb8 26. Ba4 Rf8 27. Rab1 Rfc8 28. Ng3 Qd8 29. Red1 Bf6 30. Qe3 Nf8 31. Qd3 Kg7 32. Ne2 Qe7 33. Rbc1 Qd8 34. Ng1 Be7 35. Bb3 Qd7 36. Nf3 Qe8 37. Qe3 Bf6 38. Nd2 Be7 39. Nc4 Qd7 40. Rg1 Nh7 41. Kh2 Rh8 42. Rg3 Nf6 43. Kg2 Qe8 44. Qd3 Qc8 45. Ne3 Ng8 46. Nc4 f6 47. Bd1 Rh7 48. Ne3 Nh6 49. c4 Qf8 50. Qc3 Nf7 51. Ba4 Nd8 52. b5 Rh4 53. Rf3 Ra8 54. Qb3 Nf7 55. bxa6 Rxa6 56. Qxb7 Rxa5 57. Bd7 Qa8 58. Qxc7 Ra7 59. Bc6 Rxc7 60. Bxa8 Ra7 61. Bc6 Nh6 62. Be8 f5 63. gxf5 Rxe4 64. Bxg6 Rd4 65. Rd1 Ng8 66. Rxd4 exd4 67. Nf1 Nf6 68. Rd3 Bd8 69. Rxd4 Ra4 70. Ne3 Bb6 71. Rd3 Bxe3 72. Rxe3 Rxc4 73. Re7+ Kh8 74. Kg3 Rh4 75. f3 Nxd5 76. Rd7 Nf4 77. Be8 Ne2+ 78. Kf2 Nf4 79. f6 Rxh3 80. Bf7 Nd3+ 81. Ke2 Ne5 82. Rd8+ Kh7 83. Bd5 Rh2+ 84. Ke3 Kg6 85. Rxd6 Rh4 86. f7+ Kg7 87. Rf6 Nd7 88. Rf5 Rh5 89. Bb3 Nf8 90. Rd5 Kf6 91. Rd6+ Kg7 92. Bd5 g4 93. fxg4 Rh3+ 94. Ke4 Rg3 95. Kf5 Rd3 96. Rd8 Rd4 97. g5 Rd1 98. Rd6 Rf1+ 99. Ke4 Nh7 100. g6 Nf8 101. Bb3 Nxg6 1/2-1/2

[Event "RC-2019-0-00227"]
[Site "LSS email"]
[Date "2019.02.22"]
[Round "?"]
[White "Reyes Sablon, Alberto"]
[Black "Suarez, Ron"]
[Result "1-0"]
[WhiteElo "1661"]
[BlackElo "1874"]
[PlyCount "53"]
[EventDate "2018.10.11"]
[EventType "tourn (corr)"]
[EventRounds "6"]
[EventCountry "GER"]
[SourceTitle "Corr 2022"]
[Source "ChessBase"]
[SourceDate "2021.10.24"]
[SourceVersion "1"]
[SourceVersionDate "2021.10.24"]
[SourceQuality "1"]

1. d4 Nf6 2. c4 c5 3. d5 b5 4. cxb5 a6 5. e3 axb5 6. Bxb5 Ba6 7. Bxa6 Rxa6 8. Nc3 g6 9. e4 d6 10. Rb1 Bg7 11. Nge2 0-0 12. 0-0 Nbd7 13. b3 e6 14. dxe6 fxe6 15. Bf4 Ne8 16. Bg3 Qb6 17. Qd2 Qc6 18. a4 Rb6 19. h3 Ne5 20. f4 Bh6 21. Qd1 Nd7 22. f5 gxf5 23. exf5 d5 24. fxe6 Ndf6 25. Nf4 d4 26. Nb5 Rb7 27. Qc2 1-0

[Event "OP-2019-0-04734"]
[Site "LSS email"]
[Date "2019.02.19"]
[Round "?"]
[White "Perez, Fanta"]
[Black "Suarez, Ron"]
[Result "0-1"]
[WhiteElo "1736"]
[BlackElo "1862"]
[PlyCount "24"]
[EventDate "2019.02.12"]
[EventType "tourn (corr)"]
[EventRounds "4"]
[EventCountry "GER"]
[SourceTitle "Corr 2022"]
[Source "ChessBase"]
[SourceDate "2021.10.24"]
[SourceVersion "1"]
[SourceVersionDate "2021.10.24"]
[SourceQuality "1"]

1. e4 d5 2. exd5 Qxd5 3. Nc3 Qd8 4. d4 Nf6 5. Nf3 Bg4 6. h3 Bxf3 7. Qxf3 c6 8. Be3 e6 9. Bd3 Be7 10. 0-0 Nbd7 11. Qg3 0-0 12. Ne2 Nd5 0-1

[Event "RC-2019-0-00227"]
[Site "LSS email"]
[Date "2019.02.19"]
[Round "?"]
[White "Suarez, Ron"]
[Black "Ilyin, Igor"]
[Result "1/2-1/2"]
[WhiteElo "1874"]
[BlackElo "1944"]
[PlyCount "87"]
[EventDate "2018.10.11"]
[EventType "tourn (corr)"]
[EventRounds "6"]
[EventCountry "GER"]
[SourceTitle "Corr 2022"]
[Source "ChessBase"]
[SourceDate "2021.10.24"]
[SourceVersion "1"]
[SourceVersionDate "2021.10.24"]
[SourceQuality "1"]

1. e4 c5 2. Nf3 Nc6 3. Bb5 e6 4. c3 d5 5. exd5 Qxd5 6. 0-0 Nf6 7. Na3 a6 8. Be2 Bd6 9. d4 cxd4 10. Nc4 Bc7 11. Nxd4 0-0 12. Be3 Rd8 13. Qc2 Nxd4 14. Bxd4 Bd7 15. f4 Rac8 16. Ne3 Qd6 17. Nc4 Qd5 18. Ne3 Qd6 19. Rad1 Qe7 20. Nc4 Bc6 21. Bd3 Bb5 22. Ne5 Bxd3 23. Nxd3 b5 24. a3 Bb8 25. Qf2 a5 26. Rfe1 Rd5 27. b4 Qc7 28. Ne5 a4 29. Rd3 Ne8 30. Rg3 Nd6 31. Ng4 Kh8 32. Rh3 Nf5 33. Ne3 Nxe3 34. Qh4 h5 35. Qg3 Rxd4 36. Rxh5+ Kg8 37. Qh3 f5 38. cxd4 Nd5 39. Rh8+ Kf7 40. Qh5+ Kf6 41. Qg5+ Kf7 42. Qh5+ Kf6 43. Qg5+ Kf7 44. Qh5+ 1/2-1/2

[Event "RC-2018-0-00217"]
[Site "LSS email"]
[Date "2018.02.20"]
[Round "?"]
[White "Suarez, Ron"]
[Black "Lipsits, Sasha"]
[Result "1/2-1/2"]
[WhiteElo "1831"]
[BlackElo "1692"]
[PlyCount "68"]
[EventDate "2017.10.02"]
[EventType "tourn (corr)"]
[EventRounds "6"]
[EventCountry "GER"]
[SourceTitle "Corr 2022"]
[Source "ChessBase"]
[SourceDate "2021.10.24"]
[SourceVersion "1"]
[SourceVersionDate "2021.10.24"]
[SourceQuality "1"]

1. c4 e5 2. g3 Nc6 3. Bg2 Nf6 4. Nc3 Bb4 5. Nd5 d6 6. Nf3 Bc5 7. 0-0 0-0 8. e3 Bg4 9. h3 Bh5 10. g4 Bg6 11. d4 Bb6 12. a4 exd4 13. exd4 Be4 14. Bg5 Bxf3 15. Qxf3 Bxd4 16. Rad1 h6 17. Bh4 Be5 18. Rfe1 Nd4 19. Qd3 Ne6 20. Qc2 g5 21. Bg3 Bxg3 22. fxg3 Nxd5 23. Bxd5 Qf6 24. a5 Rae8 25. Bxb7 Rb8 26. Qg2 Nd8 27. a6 c6 28. Rd2 Nxb7 29. axb7 Rxb7 30. Qxc6 Rxb2 31. Rxb2 Qxb2 32. Qxd6 Qc3 33. Rf1 Re8 34. Qc7 Qd4+ 1/2-1/2

[Event "SC-2018-0-00344"]
[Site "LSS email"]
[Date "2018.02.14"]
[Round "?"]
[White "Malmstrom, Jan"]
[Black "Suarez, Ron"]
[Result "0-1"]
[WhiteElo "1754"]
[BlackElo "1827"]
[PlyCount "104"]
[EventDate "2017.12.21"]
[EventType "tourn (corr)"]
[EventRounds "6"]
[EventCountry "GER"]
[SourceTitle "Corr 2022"]
[Source "ChessBase"]
[SourceDate "2021.10.24"]
[SourceVersion "1"]
[SourceVersionDate "2021.10.24"]
[SourceQuality "1"]

1. e4 e6 2. d4 d5 3. Nd2 dxe4 4. Nxe4 Be7 5. Nf3 Nf6 6. Nxf6+ Bxf6 7. c3 Nd7 8. Bd3 c5 9. 0-0 0-0 10. Re1 cxd4 11. Nxd4 Bxd4 12. cxd4 Nf6 13. Bf4 Bd7 14. Qd2 Bc6 15. Rad1 Qd5 16. f3 Qxa2 17. Ra1 Qd5 18. Be5 Qd8 19. Qg5 h6 20. Qe3 Qe7 21. Qf4 Rfd8 22. Bc2 a6 23. Rac1 Rac8 24. Qd2 Bb5 25. Bd3 Bxd3 26. Qxd3 Nd5 27. Qe4 Qd7 28. h4 Rxc1 29. Rxc1 a5 30. h5 a4 31. Qg4 f6 32. Bg3 Ne3 33. Qe4 Nf5 34. Rc7 Qxd4+ 35. Qxd4 Rxd4 36. Be1 Rd1 37. Kf2 b5 38. Rb7 Rb1 39. Bc3 Rc1 40. g4 Rc2+ 41. Ke1 Ne3 42. Bd4 Nc4 43. Rxb5 e5 44. Rb8+ Kh7 45. Bc5 Rxb2 46. Rxb2 Nxb2 47. Kd2 a3 48. Kc2 Nd3 49. Bxa3 Ne1+ 50. Kd1 Nxf3 51. Ke2 Nh2 52. g5 hxg5 0-1

[Event "SC-2018-0-00344"]
[Site "LSS email"]
[Date "2018.02.14"]
[Round "?"]
[White "Suarez, Ron"]
[Black "Trani, Francesco"]
[Result "1-0"]
[WhiteElo "1827"]
[BlackElo "1679"]
[PlyCount "93"]
[EventDate "2017.12.21"]
[EventType "tourn (corr)"]
[EventRounds "6"]
[EventCountry "GER"]
[SourceTitle "Corr 2022"]
[Source "ChessBase"]
[SourceDate "2021.10.24"]
[SourceVersion "1"]
[SourceVersionDate "2021.10.24"]
[SourceQuality "1"]

1. c4 e5 2. g3 Nf6 3. Bg2 d5 4. cxd5 Nxd5 5. Nc3 Nb6 6. e3 Bd6 7. Nge2 Nc6 8. 0-0 Bg4 9. h3 Bd7 10. d4 0-0 11. Ne4 Qe7 12. Nxd6 cxd6 13. a4 a5 14. e4 Rac8 15. b3 f5 16. Be3 Na8 17. Rc1 fxe4 18. dxe5 Nxe5 19. Qd5+ Kh8 20. Rxc8 Bxc8 21. Nf4 g5 22. Ne2 Be6 23. Qxa5 Bxb3 24. Nc3 Nf3+ 25. Bxf3 exf3 26. Re1 Kg8 27. Bd2 Qf7 28. Qxg5+ Qg6 29. Qb5 Be6 30. Qxb7 Qf7 31. Qe4 Nc7 32. Nb5 Bf5 33. Qh4 Nxb5 34. axb5 Re8 35. Qg5+ Kf8 36. Qh6+ Kg8 37. Rxe8+ Qxe8 38. Qg5+ Qg6 39. Qd8+ Kf7 40. Qc7+ Kf8 41. b6 Be4 42. Bf4 Qe6 43. Bxd6+ Kg8 44. Bc5 h6 45. Qd8+ Kh7 46. Bd4 Kg6 47. Qc7 1-0

[Event "SC-2017-0-00324"]
[Site "LSS email"]
[Date "2017.06.14"]
[Round "?"]
[White "Grabowski, Benedykt"]
[Black "Suarez, Ron"]
[Result "0-1"]
[WhiteElo "1799"]
[BlackElo "1783"]
[PlyCount "180"]
[EventDate "2017.04.12"]
[EventType "tourn (corr)"]
[EventRounds "6"]
[EventCountry "GER"]
[SourceTitle "Corr 2022"]
[Source "ChessBase"]
[SourceDate "2021.10.24"]
[SourceVersion "1"]
[SourceVersionDate "2021.10.24"]
[SourceQuality "1"]

1. e4 e6 2. d4 d5 3. Nc3 Nf6 4. Bg5 Be7 5. e5 Nfd7 6. Bxe7 Qxe7 7. f4 0-0 8. Nf3 a6 9. Bd3 f6 10. exf6 Nxf6 11. Qd2 b6 12. 0-0 c5 13. Ne5 Bb7 14. Rae1 Nbd7 15. Qe3 Nxe5 16. Qxe5 Rae8 17. Bf5 Bc8 18. Bh3 Rf7 19. Rf3 b5 20. Rd1 Nd7 21. Qe3 cxd4 22. Qxd4 b4 23. Ne2 Nf6 24. Qe5 Nd7 25. Qc7 e5 26. Re3 Qf8 27. Bxd7 Bxd7 28. fxe5 Bb5 29. Qb6 Rf2 30. Re1 Qf7 31. h3 Rf8 32. Nd4 Bf1 33. Rf3 Rxf3 34. gxf3 Bxh3 35. Re3 Qf4 36. Kf2 h5 37. Qxb4 Rf5 38. Qb8+ Kh7 39. Nxf5 Bxf5 40. Qe8 Qh4+ 41. Kf1 Bxc2 42. e6 Qh1+ 43. Kf2 Qh2+ 44. Kf1 d4 45. Ra3 d3 46. Qc6 Qe2+ 47. Kg1 Qd1+ 48. Kh2 d2 49. Re3 Bg6 50. e7 Qh1+ 51. Kxh1 d1Q+ 52. Kh2 Qd2+ 53. Kg3 Qxe3 54. Qd7 Qg1+ 55. Kh3 Qh1+ 56. Kg3 h4+ 57. Kf2 Qh2+ 58. Ke1 Qg1+ 59. Ke2 Qg2+ 60. Ke1 h3 61. e8Q Bxe8 62. Qxe8 Qg3+ 63. Ke2 Qh4 64. Qe6 h2 65. Qf5+ Kh6 66. Qe6+ g6 67. Qe5 Kh7 68. Qc7+ Kh8 69. Qe5+ Kh7 70. Qc7+ Kh8 71. Qe5+ Kg8 72. Qd5+ Kg7 73. Qe5+ Kf8 74. Qb8+ Kf7 75. Qb3+ Kg7 76. Qb7+ Kh6 77. Qf7 h1Q 78. Qf8+ Kg5 79. Qd8+ Kf5 80. Qc8+ Kf6 81. Qd8+ Kf7 82. Qd5+ Kg7 83. Qd7+ Kh6 84. Qd2+ g5 85. Qc3 Q4h2+ 86. Ke3 Q1g1+ 87. Ke4 Qb1+ 88. Kd5 Qf5+ 89. Qe5 Qhxe5+ 90. Kc4 Qc2+ 0-1

[Event "OP-2017-0-04365"]
[Site "LSS email"]
[Date "2017.06.11"]
[Round "?"]
[White "Custodio, Caetano"]
[Black "Suarez, Ron"]
[Result "0-1"]
[WhiteElo "1164"]
[BlackElo "1792"]
[PlyCount "24"]
[EventDate "2017.06.06"]
[EventType "tourn (corr)"]
[EventRounds "4"]
[EventCountry "GER"]
[SourceTitle "Corr 2022"]
[Source "ChessBase"]
[SourceDate "2021.10.24"]
[SourceVersion "1"]
[SourceVersionDate "2021.10.24"]
[SourceQuality "1"]

1. e4 e6 2. d4 d5 3. exd5 exd5 4. Bd3 Bd6 5. Ne2 Ne7 6. Bf4 Bf5 7. Bxf5 Nxf5 8. Qd3 Qf6 9. Qb5+ Nd7 10. Qxb7 0-0 11. Qxd5 c6 12. Qxc6 Bb4+ 0-1

[Event "OP-2017-0-04365"]
[Site "LSS email"]
[Date "2017.06.11"]
[Round "?"]
[White "Misericordia, Antonio"]
[Black "Suarez, Ron"]
[Result "1-0"]
[WhiteElo "2342"]
[BlackElo "1792"]
[PlyCount "63"]
[EventDate "2017.06.06"]
[EventType "tourn (corr)"]
[EventRounds "4"]
[EventCountry "GER"]
[SourceTitle "Corr 2022"]
[Source "ChessBase"]
[SourceDate "2021.10.24"]
[SourceVersion "1"]
[SourceVersionDate "2021.10.24"]
[SourceQuality "1"]

1. d4 e6 2. g3 f5 3. Bg2 Nf6 4. Nf3 d6 5. 0-0 Be7 6. c4 0-0 7. Nc3 Qe8 8. b3 Qh5 9. Ba3 Nbd7 10. e3 a6 11. Re1 Rb8 12. e4 fxe4 13. Nxe4 Nxe4 14. Rxe4 Nf6 15. Re2 Ng4 16. h3 Nh6 17. Qd3 Qa5 18. Bb2 Qf5 19. Qd2 Qg6 20. Rae1 Nf5 21. c5 b6 22. cxd6 cxd6 23. Ba3 Qf6 24. g4 d5 25. gxf5 Bxa3 26. fxe6 a5 27. e7 Re8 28. Ng5 Bb7 29. Re6 Qf5 30. R1e5 Qb1+ 31. Bf1 h6 32. Qf4 1-0

[Event "RC-2016-0-00195"]
[Site "LSS email"]
[Date "2016.09.19"]
[Round "?"]
[White "Laczay, Istvan"]
[Black "Suarez, Ron"]
[Result "0-1"]
[WhiteElo "1702"]
[BlackElo "1711"]
[PlyCount "104"]
[EventDate "2016.07.08"]
[EventType "tourn (corr)"]
[EventRounds "6"]
[EventCountry "GER"]
[SourceTitle "Corr 2022"]
[Source "ChessBase"]
[SourceDate "2021.10.24"]
[SourceVersion "1"]
[SourceVersionDate "2021.10.24"]
[SourceQuality "1"]

1. d4 e6 2. c4 f5 3. g3 Nf6 4. Bg2 Be7 5. Nf3 0-0 6. 0-0 d6 7. b3 Qe8 8. Nc3 Qh5 9. Ba3 c6 10. e3 Na6 11. Ne5 Qxd1 12. Rfxd1 Re8 13. Nd3 e5 14. h4 e4 15. Nf4 g6 16. Rac1 Nc7 17. Bf1 Kf7 18. Be2 Bd7 19. Rd2 Rec8 20. d5 c5 21. Bb2 Rab8 22. Kg2 a6 23. Na4 b6 24. a3 Nfe8 25. Nc3 b5 26. Nh3 bxc4 27. Bxc4 h6 28. Nf4 Nf6 29. Na4 Bxa4 30. bxa4 Ng4 31. Bc3 g5 32. hxg5 hxg5 33. Nh5 Kg6 34. Rh1 Rb7 35. Ng7 Bf6 36. Bxf6 Kxf6 37. Ne6 Rcb8 38. Nxc7 Rxc7 39. Bxa6 f4 40. exf4 gxf4 41. Rh4 Rg8 42. Kg1 fxg3 43. fxg3 Kf5 44. Rh5+ Rg5 45. Rxg5+ Kxg5 46. Be2 Nf6 47. a5 c4 48. a6 c3 49. Rd1 Kf5 50. Rc1 Nxd5 51. Kf2 Ke5 52. g4 Nb6 0-1

[Event "RC-2016-0-00195"]
[Site "LSS email"]
[Date "2016.09.19"]
[Round "?"]
[White "Moreira, Carlos"]
[Black "Suarez, Ron"]
[Result "0-1"]
[WhiteElo "1683"]
[BlackElo "1711"]
[PlyCount "80"]
[EventDate "2016.07.08"]
[EventType "tourn (corr)"]
[EventRounds "6"]
[EventCountry "GER"]
[SourceTitle "Corr 2022"]
[Source "ChessBase"]
[SourceDate "2021.10.24"]
[SourceVersion "1"]
[SourceVersionDate "2021.10.24"]
[SourceQuality "1"]

1. g3 Nf6 2. Bg2 g6 3. Nf3 Bg7 4. c4 0-0 5. 0-0 d6 6. d4 e6 7. Nc3 Nbd7 8. h3 Re8 9. Be3 a6 10. a4 e5 11. dxe5 Nxe5 12. Nxe5 Rxe5 13. Qd2 Bd7 14. Bd4 Re8 15. Rad1 Bc6 16. Qc2 Bxg2 17. Kxg2 Qe7 18. e4 Nd7 19. Bxg7 Kxg7 20. Rfe1 c6 21. Rd4 Rad8 22. b4 Qe5 23. Red1 a5 24. bxa5 Nc5 25. Qb2 g5 26. f3 Kg8 27. R4d2 h5 28. Rf2 Re6 29. f4 gxf4 30. gxf4 Rg6+ 31. Kh1 Qf6 32. Qd2 Kh7 33. Qe3 Rdg8 34. Ne2 Qe7 35. e5 f5 36. Rf3 Ne4 37. Qd4 Qh4 38. Rg1 Rxg1+ 39. Nxg1 Qe1 40. e6 Qc1 0-1